000 00212 a2200097 4500
001 15166
100 _aBonowia M.R
245 _aThe economics of transport
260 _aLondon
_bNisbet
_c
090 _c11910
_d11910
942 _aNUST-CAE
_cM
_c2126
999 _c250239
_d250239